Normal view
MARC view
- Leventhal, michael fuchs, matthew lewis, david
Entry Personal Name
001 - CONTROL NUMBER
- control field: 80747
003 - CONTROL NUMBER IDENTIFIER
- control field: NUST
005 - DATE AND TIME OF LATEST TRANSACTION
- control field: 20210628210731.0
008 - FIXED-LENGTH DATA ELEMENTS
- fixed length control field: 210628|| aca||aabn | a|a d
040 ## - CATALOGING SOURCE
- Original cataloging agency: NUST
- Transcribing agency: NUST
100 ## - HEADING--PERSONAL NAME
- Personal name: Leventhal, michael fuchs, matthew lewis, david
670 ## - SOURCE DATA FOUND
- Source citation: Work cat.: (NUST): Leventhal, michael fuchs, matthew lewis, david, Designing xml internet applications, 1998
